000 01656 a2200229 4500
001 3102
005 20260407155424.0
008 260407a2001 arg spa d
003 AR-UNSa-BCEJYS
040 _aAR-UNSa-BCEJYS
_bspa
_cAR-UNSa-BCEJYS
080 _a339.745
_xPolítica sobre el mercado de divisas
245 1 0 _aMercados e instituciones financieros
020 _a970-686-132-7
250 _a5a. ed.
264 1 _aMéxico :
_bThomson Learning
_c2001
300 _axx, 698 p.
_c24 cm.
505 _a1. Papel de los mercados e instituciones financieras - 2. Determinación de las tasas de interés - 3. Estructura de las tasas de interés - 4. Funciones de la Fed - 5. Teoría y política monetarias - 6. Mercado de dinero - 7. Mercados de bonos - 8. Valuación y riesgo de bonos - 9. Mercados hìpotecarios - 10. Mercados accionarios - 11. Valuación y riesgo de acciones - 12. Mercados de futuros financieros - 13. Mercados de opciones - 14. Mercados de derivadas de tasas de interés - 15. Mercados de derivados de divisas - 16. Operaciones de la banca comercial - 17. Regulación bancaria - 18. Administración bancaria - 19. Desempeño bancario - 20. Banca internacional - 21. Operaciones de ahorros - 22. Operaciones de financiamiento al consumidor - 23. Operaciones de sociedades de inversión - 24. Operaciones con valores - 25. Operaciones de seguros - 26. Operaciones de fondos de pensiones - 27. Uniones de crédito.
942 _cBK
590 _aniveau_biblio:m niveau_hierar:0
100 1 _aMadura, Jeff
856 4 1 _uhttps://biblioeco.unsa.edu.ar/pmb/images/libros/Mercado e instituciones-l117900.jpg
_yImagen de portada
_qimage/jpeg
999 _c282
_d282